000 01233nam0a2200301 4500
001 RU\NLR\bibl\1089044
005 20260405115006.0
010 _a978-5-91181-254-6
_97000
021 _aRU
_b2007-25364
_91343
021 _aRU
_b2010-62785
_94118
035 _a(NLR Aleph) 001076196
090 _a1029760
_c1029760
100 _a20070521d2007 |||y0rusy50 ca
101 1 _arus
_cnor
102 _aRU
105 _aa |||||||||
200 1 _aСамсон и Роберто
_iНеожиданное наследство
_e[повесть-сказка
_eдля детей среднего школьного возраста]
_fИнгвар Амбьернсен
_g[пер. с норв. Инны Стребловой
_gхудож. Николай Воронцов]
210 _aСанкт-Петербург
_cАзбука-классика
_d2007
215 _a144, [29] с.
_cцв. ил.
_d21
225 1 _aОчень прикольная книга
686 _aШ9(4Нр)62-4
700 1 _4070
_7ca
_8rus
_aАмбьернсен
_bИ.
_f1956-
_gИнгвар
_928393
_3RU\NLR\auth\7745455
801 0 _aRU
_bNLR
_c20060731
_grcr
801 1 _aRU
_bNLR
_c20060731
942 _cBOOK
980 _aNB